000
00316nam a2200133Ia 4500
005
20260326100044.0
008
260326s9999||||xx |||||||||||||| ||und||
100
_a
Bidault, Jacques
245
0
_a
L' Homme et la tente /
_c
Jacques Bidault
260
_b
J. Susse
300
_a
338 p.
650
_a
HISTORIA
942
_c
BK
999
_c
7132
_d
7132